Réalisateurs par pays - Statistiques

Statistiques générales
  • Ce quiz a été pris 6 fois
  • Le résultat moyen est 1 sur 20
Statistiques - réponses
Pays Réalisateurs % Correct
Danemark Lars von Trier
50%
Suède Ingmar Bergman
33%
Allemagne Fritz Lang, Wim Wenders
17%
Autriche Michael Haneke
17%
Finlande Aki Kaurismäki
0%
Mexique Alfonso Cuaron, Guillermo del Toro, Alejandro Iñarritu
0%
Royaume-Uni Alfred Hitchcock, Ken Loach, Christopher Nolan, Ridley Scott
0%
Corée du Sud Bong Joon-ho, Park Chan-wook
0%
Roumanie Cristian Mungiu
0%
Belgique Luc et Jean-Pierre Dardenne
0%
Portugal Manuel de Oliveira
0%
Tchéquie Milos Forman
0%
Pays-Bas Paul Verhoeven
0%
Espagne Pedro Almodovar, Luis Buñuel
0%
Italie Robert Benigni, Bernardo Bertolucci, Luchini Visconti, Sergio Leone
0%
Pologne Roman Polanski, Andrzej Wajda
0%
Inde Satyajit Ray
0%
Lituanie Sharunas Bartas
0%
Japon Takeshi Kitano, Akira Kurosawa, Hayao Miyazaki, Yasujiro Ozo
0%
Grèce Théo Angelopoulos, Yorgos Lánthimos
0%
Aucun quiz correspondant
Distribution des résultats
% des personnes avec chaque résultat
Percentile par nombre de réponses
Votre historique - résultats
Vous n’avez pas pris ce quiz